| 000 | 00805nam a2200229Ii 4500 | ||
|---|---|---|---|
| 003 | JO-AjNU | ||
| 008 | 230605s9999||||xx |||||||||||||| ||und|| | ||
| 017 | _a2004/6/1514 | ||
| 020 | _a9957-11-508-1 | ||
| 040 |
_aJO-AjNU _bara _erda _cJO-AjNU |
||
| 041 | _aara | ||
| 050 | 1 | 4 | _aHD30.28.R54.2004 |
| 100 | 3 |
_aالركابي،كاظم نزار, _eauthor _929132 |
|
| 245 | 0 | 0 | _aالادارة الاستراتيجية:العولمة والمنافسة |
| 250 | _aط1 | ||
| 264 | 3 | 1 | _aعمان:دار وائل للنشر والتوزيع،2004 |
| 300 | _a379ص | ||
| 336 |
_atext _btxt _2rdacontent |
||
| 337 |
_aunmediated _bn _2rdamedia |
||
| 338 |
_avolume _bnc _2rdacarrier |
||
| 650 | 4 |
_aالادارة-استراتيجية المعلومات-العولمة-السياسة العالمية _929133 |
|
| 999 |
_aA11387 _c14955 _d14955 |
||